Capital Cities furthest/closest to Continental Geographic Centre - Statistics

General Stats
  • This quiz has been taken 74 times
  • The average score is 22 of 30
Answer Stats
ANSWER % Correct
Lisbon
95%
Madrid
92%
Reykjavik
92%
Riga
87%
Minsk
85%
Vilnius
85%
Warsaw
83%
Jakarta
80%
Astana
78%
Tallinn
78%
Andorra la Vella
77%
Kinshasa
77%
Rabat
73%
Singapore
73%
Tashkent
73%
Antananarivo
70%
Brazzaville
70%
Bishkek
68%
Dili
68%
Valletta
68%
Bangui
67%
Victoria
67%
Dushanbe
65%
Libreville
62%
Port Louis
62%
Praia
62%
Bandar Seri Begawan
57%
Yaounde
57%
Ulaanbaatar
53%
Sanaa
50%
No matching quizzes found
Score Distribution
Percent of People with Each Score
Percentile by Number Answered
Your Score History
You have not taken this quiz